LEADER 00746cam0 2200241 450 001 E600200003326 005 20181129115151.0 100 $a20040619d1925 |||||ita|0103 ba 101 $aita 102 $aIT 200 1 $aCommenti alle cose$fCesare Angelini 210 $aMilano$cCasa Editrice Alba$d1925 215 $a154 p.$d19 cm 700 1$aAngelini$b, Cesare$3AF00014130$4070$0170698 801 0$aIT$bUNISOB$c20181129$gRICA 850 $aUNISOB 852 $aUNISOB$j850$m88801 912 $aE600200003326 940 $aM 102 Monografia moderna SBN 941 $aM 957 $a850$b002933$gSI$d88801$rAcquisto$1pregresso1$2UNISOB$3UNISOB$420040619071907.0$520181129115151.0$6rovito 996 $aCommenti alle cose$91673586 997 $aUNISOB LEADER 00875nam0-2200289 --450 001 9910559600603321 005 20220427152420.0 010 $a9780470540640 100 $a20220427d2011----km y0itay50 ba 101 0 $aeng 102 $aUS 105 $ay 001yy 200 1 $aTime series analysis and forecasting by example$fSøren Bisgaard, Murat Kulahci 210 $aHobooken$cWiley$d2011 215 $aXIII, 366 p.$d24 cm 225 1 $aWiley series in probability and statistics 610 0 $aSerie temporali$aAnalisi 676 $a519.55$v23$zita 700 1$aBisgaard,$bSoren$01221741 701 1$aKulahci,$bMurat$0513038 801 0$aIT$bUNINA$gREICAT$2UNIMARC 901 $aBK 912 $a9910559600603321 952 $aVI E 1713$b616/2022$fFSPBC 959 $aFSPBC 996 $aTime series analysis and forecasting by example$92832999 997 $aUNINA